| 000 | 00589nam a22002177a 4500 | ||
|---|---|---|---|
| 001 | sjds170124 | ||
| 003 | sjds | ||
| 005 | 20230914133605.0 | ||
| 008 | 170707b flu||||| |||| 00| 0 spa d | ||
| 020 | _a9780829746013 (Board) | ||
| 020 | _a0829746013 (Board) | ||
| 040 | _csjds | ||
| 041 |
_aspa _heng |
||
| 100 | 1 | _aKenney, Cindy | |
| 240 | _aBob & Larry's silly slides | ||
| 245 |
_aRetratos comicos de Bob y Larry / _cpor Cindy Kenney |
||
| 260 |
_aMiami, FL _bEditorial Vida, _c2006 |
||
| 490 | _aVeggieTales | ||
| 500 | _a"Para ninos de 3-6 anos" -- back cover. | ||
| 942 | _cBK | ||
| 999 |
_c18169 _d18169 |
||